00325nam a2200121Ia 4500008004100000041000800041082001600049100002600065245004500091260002700136300003100163365000900194240624s9999 xx 000 0 und d aeng a658.406 NIG aNIGHTINGALE DEBORAH J aBEYOND THE LEAN REVOLUTION ACHIEVING SUC c2011aNew YorkbAMACOM axvi, : 270 : p. : cm. ; 23 cb25